000 00668nam a2200241Ia 4500
003 OSt
005 20220918204234.0
006 a|||||r|||| 00| 0
007 ta
008 220917b |||||||| |||| 00| 0 eng d
024 _a111,689
037 _cTextual
040 _aARTS
_cARTS
_beng
041 _2eng
_aeng
082 _aV541:58(Q5).L, N4
100 _aSachar Howard M
_9109144
245 0 _aFarwell Espana
_b The world of the sephradim remembered
260 _aNew York
_bAlfred A Knopf
_c1994
300 _axii, 439p.
_ccm.
650 _aHISTORY
942 _hV541:58(Q5).L, N4
_cTEXL
_2CC
999 _c235038
_d235038